000 01120nam0a22002531 4500
001 rc\3550096
005 20260407164151.0
021 _aRU
_b[73-69811]
035 _a(NLR Aleph) 007674630
090 _a6472045
_c6472045
100 _a20130115d1973 |||y0rusy50 ca
101 0 _arus
102 _aRU
105 _ay z |||||
200 1 _aТезисы докладов
_fМ-во здравоохранения СССР. Всесоюз. науч.-мед. о-во хирургов. Калинингр. обл. отд. здравоохранения. XIV пленум Всесоюз. науч. мед. о-ва хирургов. 10-12 сент. 1973 г.
210 _aКалининград
_cБ. и.
_d[1973]
215 _a273 с.
_d22
606 _aХирургия
_jТезисы докладов
_2psbo
710 0 2 _aВсесоюзное научное общество хирургов
_bПравление
_bПленум
_f1973, сентябрь
_eКалининград
_3RU\NLR\AUTH\8810103232
_9707071
801 0 _aRU
_bNLR
_gpsbo
801 1 _aRU
_bELAR
_2rusmarc
852 _aNLR
_j73-5/3763
942 _cBOOK
980 _aNB